Famous 'Photographers' (Black & White) Quiz Stats

Quiz not verified by Sporcle

Challenge
Share
Tweet
Score 0/20 Timer 03:00
0 Plays Today
% Correct
Michael Jackson
97.7%
Johnny Depp
91.8%
Elvis Presley
90.4%
Queen Elizabeth
88.8%
David Bowie
77.6%
Paul McCartney
71.7%
Brad Pitt
71.5%
Natalie Portman
69.4%
Arnold Schwarzenegger
68.7%
George Harrison
66.9%
% Correct
Andy Warhol
61.4%
Angelina Jolie
61.2%
Ryan Gosling
54.3%
Jude Law
50.7%
Jacqueline Kennedy
49.8%
Jared Leto
37.4%
Adam 'MCA' Yauch
17.8%
Mischa Barton
12.3%
Stanley Kubrick
8%
Sofia Coppola
3.4%

You're not logged in!

Compare scores with friends on all Sporcle quizzes.
Sign Up with Email
OR
Log In

You Might Also Like...

Show Comments

Extras

Top Quizzes Today


Score Distribution

Your Account Isn't Verified!

In order to create a playlist on Sporcle, you need to verify the email address you used during registration. Go to your Sporcle Settings to finish the process.